La importancia del enfoque de género en la investigación socio-histórica
En este artículo se pretende plasmar una entrada que retoma varios aspectos teórico-metodológicos que en sí mismos no son novedosos, de modo que el aporte consiste en cómo se relacionan estos constructos, cómo se articulan entre sí para avanzar y contribuir con el desarrollo de las reflexiones y la...
Gardado en:
| Autor Principal: | |
|---|---|
| Formato: | Texto |
| Materias: | |
| Etiquetas: |
Engadir etiqueta
Sen Etiquetas, Sexa o primeiro en etiquetar este rexistro!
|
MARC
| LEADER | 00000 a a2200000 04500 | ||
|---|---|---|---|
| 001 | 45699 | ||
| 003 | |||
| 040 | |a CRAI/IIS |c CRAI/IIS | ||
| 100 | |a Piedra Guillén, Nancy | ||
| 245 | |a La importancia del enfoque de género en la investigación socio-histórica | ||
| 520 | |a En este artículo se pretende plasmar una entrada que retoma varios aspectos teórico-metodológicos que en sí mismos no son novedosos, de modo que el aporte consiste en cómo se relacionan estos constructos, cómo se articulan entre sí para avanzar y contribuir con el desarrollo de las reflexiones y la investigación historiográfica de las mujeres en Costa Rica, en particular, la participación de las mujeres en hechos socio-históricos; para ello analiza las variables género-cambio, género-historia-poder, género-historia, historia-género-feminismo postcolonial y vida cotidiana. | ||
| 590 | |a AMB/MAYO2014 | ||
| 650 | |a MUJERES | ||
| 650 | |a GENERO (CIDCACS) | ||
| 650 | |a FEMINISMO | ||
| 650 | |a PODER | ||
| 650 | |a IDENTIDAD SOCIAL (CIDCACS) | ||
| 650 | |a VIDA COTIDIANA | ||
| 650 | |a COLONIALISMO | ||
| 650 | |a HISTORIA | ||
| 650 | |a INVESTIGACION | ||
| 773 | |g número140 (2013), páginas 13-26 | ||
| 999 | |c 18389 |d 18389 | ||
